| 000 | 00680nam a22002297a 4500 | ||
|---|---|---|---|
| 005 | 20170124110210.0 | ||
| 010 | _aB-131708 | ||
| 020 | _c220.00 | ||
| 035 | _aB-149528 | ||
| 037 | _bCen Lib/Ret | ||
| 040 |
_aDPL _bEN |
||
| 082 |
_a000 _bLAL |
||
| 100 |
_aLal & Jain _9106008 |
||
| 245 |
_a Upkar's hotel management : _cby Lal & Jain _bjoint entrance examination / |
||
| 260 |
_aAgra _bUpkar Prakashan _c2006 |
||
| 270 |
_a2/11A, Swadeshi Bima Nagar _bAgra _e282002 |
||
| 300 |
_aVarious pages _c23cm (Hb) |
||
| 650 |
_aHotel management _9106009 |
||
| 650 |
_aEntrance examination Test _9106010 |
||
| 700 |
_aJain _9474 |
||
| 942 |
_2ddc _cEN _h000 _mLAL |
||
| 999 |
_c133476 _d133476 |
||